000 00435nab a2200145Ia 4500
003 ES-SlBCS
005 20210601134616.0
008 140529s1992 xxu||||| |||| 00| 0 spa d
041 _aspa
100 1 _aGonzález, Mari Paz
_9220378
245 0 0 _aLa sociedad venezolana del siglo XVIII
_c Mari Paz González
650 0 4 _aSociedad Venezolana
_9220379
773 0 _tAnthropos
_gvol. 13, nº. 25, 1992, págs. 85-100
_wRev38
942 _cAR
999 _c615210
_d615210